Click to Complete the 1980s WWF Wrestler Names - Statistics

General Stats
  • This quiz has been taken 93 times
  • The average score is 27 of 30
Answer Stats
Hint Answer % Correct
"Macho Man" Randy Savage
100%
The Ultimate Warrior
100%
Andre the Giant
99%
"Rowdy" Roddy Piper
99%
Bret "Hitman" Hart
97%
Hulk Hogan
97%
Mr. T
97%
"The Million Dollar Man" Ted Dibiase
96%
"Hacksaw" Jim Duggan
96%
The Honky Tonk Man
96%
Jake "The Snake" Roberts
96%
Brutus "The Barber" Beefcake
90%
The Junkyard Dog
90%
"Ravishing" Rick Rude
90%
The Iron Sheik
90%
King Kong Bundy
88%
Ricky "The Dragon" Steamboat
88%
Big John Studd
88%
Koko B. Ware
88%
Tito Santana
87%
Nikolai Volkoff
87%
Jim "The Anvil" Neidhart
85%
Bobby "The Brain" Heenan
82%
"Adorable" Adrian Adonis
81%
Greg "The Hammer" Valentine
81%
"Mr. Wonderful" Paul Orndorr
78%
George "The Animal" Steele
78%
Dino Bravo
76%
Hillbilly Jim
76%
Don "The Magnificent" Muraco
69%
No matching quizzes found
Score Distribution
Percent of People with Each Score
Percentile by Number Answered
Your Score History
You have not taken this quiz